|
|
|
|
| LEADER |
00681cam a2200217 7i4500 |
| 001 |
0000017983 |
| 005 |
20170218090000.0 |
| 008 |
070914 eng |
| 020 |
|
|
|a 9780273030133 (pbk.)
|
| 020 |
|
|
|a 0273030132 (pbk.)
|
| 040 |
|
|
|a OhCoOLI
|
| 090 |
0 |
0 |
|a HB171
|b .B43 1989
|
| 100 |
1 |
|
|a Bearshaw, John
|
| 245 |
1 |
0 |
|a Economics :
|b a student's guide
|c John Beardshaw.
|
| 250 |
|
|
|a 2nd ed.
|
| 260 |
|
|
|a London:
|b Pitman Pub.,
|c 1989.
|
| 300 |
|
|
|a xii, 656 p.:
|b ill.;
|c 25 cm.
|
| 504 |
|
|
|a Includes bibliographical references and index
|
| 650 |
0 |
0 |
|a Economics
|
| 997 |
|
|
|a Business & Accountancy, Faculty
|
| 999 |
|
|
|a 0000021154
|b BOK
|c OPEN SHELF
|e 1st Floor, Shah Alam
|